Spevy Maldororove

Bibliographic Details
Main Author: Lautréamont, comte de, 1846-1870 (Author)
Other Authors: Jurovská, Michaela, 1943- (Translator)
Format: Article
Language:Slovak
French
ISSN:1335-7786
Subjects:

MARC

LEADER 00000nab a2200000 a 4500
001 vtls008703160
003 SK-MaSNL
005 20260304013307.0
008 131021c2006 xo mr|p|||||||000 b|slo
015 |a SNBRB2006/05  |2 snkbucl 
038 |a SNKBUCL 
040 |a SNKBUCL  |b slo  |c SNKBUCL  |e AACR2 
041 1 |a slo  |h fre 
044 |a xo  |c SK 
080 |a 821.133.1-1  |2 1997 
100 1 |a Lautréamont,  |c comte de,  |d 1846-1870  |4 aut  |9 56439 
245 1 0 |a Spevy Maldororove  |c Isidore Ducasse Comte de Lautréamont ; preložila Michaela Jurovská 
655 7 |a poézia v próze  |2 snkbucl  |9 285094 
655 7 |a francúzska poézia  |2 snkbucl  |9 70610 
700 1 |a Jurovská, Michaela,  |d 1943-  |4 trl  |9 12906 
773 0 |t Slovenské pohľady  |g Roč. IV.+122., č. 4 (2006), s. 24-35  |x 1335-7786 
852 |a Slovenská národná knižnica 
958 |a LX 
958 |a FR 
999 |c 2575199  |d 2577129